00363nam a22001097a 4500008004100000020002200041082001100063100001600074245011800090260002500208300002000233230331b |||||||| |||| 00| 0 eng d a978-0-06-285220-5 a813.54 aEric Barker aBarking Up the Wrong Tree:bthe surprising science behind why everything you know about success is (mostly) wrong bHarper Collin,c2017 a307 p.c20.5 cm